000 00596nam a22002297a 4500
003 UA-OsUOA
001 96800
007 ta
008 20130322b un ||||| |||| 00| 0 ukr d
100 _aМорару Н.
090 _a821.135.1
_bМ79
942 _cBK
040 _aUA-OsUOA
_brus
_cUA-OsUOA
_dUA-OsUOA
245 _aКороткое замыкание
_bроман
300 _a334 с.
955 _a3
041 _arus
080 _a821.135.1
260 _aМ.
_bРадуга
_c1988
650 7 _a82 Література. Літературознавство
_2UDC
999 _c383050
_d383050